000
00303nam a2200145Ia 4500
100
_a
Bartee T.C.
942
_c
BK
654
_a
computer
245
_a
Digital Computer Fundamentals
260
_b
Mc Graw Hill Int
_c
1982
082
_a
5.1
_b
BAR
300
_a
637
546
_a
ENGLISH
999
_c
27052
_d
27052